|
|
|
|
| LEADER |
00932nam a22002532a 4500 |
| 001 |
000096000 |
| 003 |
CZ BrMZK |
| 005 |
20090902142922.0 |
| 008 |
960707s1917 xr f cze d |
| 040 |
|
|
|a BOA001
|b cze
|
| 100 |
1 |
|
|a Hek, František Vladislav,
|d 1769-1847
|7 jk01040620
|4 aut
|
| 245 |
1 |
0 |
|a Práce veršované /
|c František Vladislav Hek ; vydal Jan Jakubec
|
| 260 |
|
|
|a Praha :
|b Česká akademie věd a umění,
|c 1917
|
| 300 |
|
|
|a 148 s.
|
| 490 |
1 |
|
|a Sebrané spisy ;
|v 1
|
| 490 |
1 |
|
|a Novočeská knihovna ;
|v č. 7
|
| 700 |
1 |
|
|a Jakubec, Jan,
|d 1862-1936
|7 jk01050700
|4 pbl
|
| 800 |
1 |
|
|a Hek, František Vladislav,
|d 1769-1847.
|t Sebrané spisy
|
| 830 |
|
0 |
|a Novočeská knihovna
|0 s
|
| 910 |
|
|
|a BOA001
|b PK-A-0000.951,1
|
| 964 |
|
|
|a Hek, František Vladislav - dílo básnické - výbory
|
| 990 |
|
|
|a BK
|
| 993 |
|
|
|a Y
|
| 996 |
6 |
|
|b 3119968635
|c PK-A-0000.951/1
|l MZK
|r Sklad / do 1 hodiny
|n 3
|w 000096000
|u 000010
|a 1
|e BOA001
|j MZK50
|s P
|